00202nam a22000977a 4500003000400000082000800004100001900012245003300031260003200064300000800096SGT bSID aSIDANA, ASHOK  aSANKAY AWM VISHAYO KI SAMJH  aDELHI bSHIKSHA PUB. c2016 a218